|
|
|
|
| LEADER |
01755nam a2200421 a 4500 |
| 001 |
nkc20091866182 |
| 003 |
CZ PrNK |
| 005 |
20090717152846.0 |
| 007 |
ta |
| 008 |
090401s2009 xr a e c 000 0 cze |
| 015 |
|
|
|a cnb001866182
|
| 020 |
|
|
|a 978-80-7028-336-3
|q (brož.)
|
| 035 |
|
|
|a (OCoLC)428365758
|
| 040 |
|
|
|a OLA001
|b cze
|
| 043 |
|
|
|a e-xr---
|
| 045 |
|
|
|a --x-
|
| 072 |
|
7 |
|a 63
|x Zemědělství a příbuzné oblasti vědy a techniky
|2 Konspekt
|9 24
|
| 080 |
|
|
|a 63
|2 MRF
|
| 080 |
|
|
|a (437.3)
|2 MRF
|
| 080 |
|
|
|a (083.824)
|2 MRF
|
| 100 |
1 |
|
|a Pechová, Jarmila,
|d 1958-
|7 mzk2004252086
|4 aut
|
| 245 |
1 |
0 |
|a Víte-li pak, jak sedláček obilíčko seje-- /
|c Jarmila Pechová
|
| 260 |
|
|
|a Brno :
|b Moravské zemské muzeum,
|c 2009
|
| 300 |
|
|
|a 11 s. :
|b il. ;
|c 21 cm
|
| 500 |
|
|
|a Pod názvem: Moravské zemské muzeum, Etnografický ústav
|
| 500 |
|
|
|a "Katalog ke stejnojmenné výstavě Etnografického ústavu Moravského zemského muzea je součástí výstavního projektu "První zemědělci" v rámci doprovodných akcí EU2009"--Rub tit. s.
|
| 648 |
|
7 |
|a do 19. století
|7 ch1090517
|2 czenas
|
| 650 |
0 |
7 |
|a zemědělství
|7 ph116770
|z Česko
|y do 19. století
|2 czenas
|
| 650 |
0 |
9 |
|a agriculture
|z Czechia
|y to 19th century
|2 eczenas
|
| 655 |
|
7 |
|a katalogy výstav
|7 fd132536
|2 czenas
|
| 655 |
|
9 |
|a exhibition catalogs
|2 eczenas
|
| 710 |
2 |
|
|a Moravské zemské muzeum (Brno, Česko).
|b Etnografický ústav
|7 kn20010724184
|
| 910 |
2 |
|
|a BOA001
|b 2-1222.680
|
| 990 |
|
|
|a BK
|
| 995 |
|
|
|a 01
|
| 991 |
|
|
|b 200906
|c NOV
|
| 996 |
6 |
|
|b 2610379437
|c 2-1222.680
|l MZK
|r Sklad / do 1 hodiny
|n 0
|p p.v.
|w 000938091
|u 000010
|a 1
|e BOA001
|j MZK50
|s P
|
| 996 |
7 |
|
|b 2610379438
|c 2-1222.680
|l MZK
|r Sklad / do 1 hodiny
|n 0
|p p.v.
|w 000938091
|u 000020
|a 1
|e BOA001
|j MZK50
|s A
|